| 000 | 00549nam a2200217 a 4500 | ||
|---|---|---|---|
| 999 |
_c5920 _d5920 |
||
| 001 | 5920 | ||
| 003 | BD-JhCC | ||
| 005 | 20171231134123.0 | ||
| 008 | 171230s1966 enk||||| ||a| 00| 0 eng d | ||
| 035 | _a(BD-JhCC)5920 | ||
| 040 |
_aBD-JhCC _dBD-JhCC |
||
| 041 | _aeng | ||
| 082 |
_a823.09 _bSHE 1966 |
||
| 100 | _aSherman, D. R. | ||
| 245 |
_aOld Mali and The Boy / _c D. R. Sherman |
||
| 260 |
_aLondon : _bHeimemann Educational Books Ltd, _c1964. |
||
| 300 |
_a128 p. : _c20 cm. |
||
| 650 | _aEnglidh Novel | ||
| 942 |
_2ddc _cBK |
||